000 00640nam a22002297a 4500
003 UA-OsUOA
001 46016
007 ta
008 20070524b un ||||| |||| 00| 0 ukr d
100 _aЯворівський В.О.
090 _a82-92
_bЯ22
942 _cBK
040 _aUA-OsUOA
_bukr
_cUA-OsUOA
_dUA-OsUOA
245 _aЩо ж ми за народ такий?
_bПубліцистика
300 _a295 с.
955 _a3
041 _aukr
080 _a82-92
020 _a966-579-078-1
260 _aК.
_bУкр. письменник
_c2001
650 7 _a82 Література. Літературознавство
_2UDC
999 _c332096
_d332096